[Event "DEM U10 2025"]
[Site "Willingen GER"]
[Date "2025.06.13"]
[Round "8"]
[White "Blem, Alexander jun."]
[Black "Reese, Oscar"]
[Result "1-0"]
[Termination "normal"]
[Board "5"]
[WhiteElo "1417"]
[BlackElo "1666"]
[WhiteClock "00:57:33"]
[BlackClock "00:25:51"]
[PlyCount "121"]
[WhiteFideId "34674926"]
[BlackFideId "34644474"]
[EventCountry "GER"]
[EventRounds "9"]
[EventType "swiss"]
[EventDate "2025.06.07"]

1. e4 {[%clk 01:30:59]} c5 {[%clk 01:30:45]} {[%emt 00:00:16]} 2. c3 {[%clk
01:31:26]} {[%emt 00:00:02]} Nf6 {[%clk 01:31:07]} {[%emt 00:00:09]} 3. e5
{[%clk 01:31:52]} {[%emt 00:00:03]} Nd5 {[%clk 01:31:30]} {[%emt 00:00:07]} 4.
d4 {[%clk 01:32:19]} {[%emt 00:00:03]} cxd4 {[%clk 01:31:24]} {[%emt 00:00:36]}
5. cxd4 {[%clk 01:32:44]} {[%emt 00:00:06]} Nc6 {[%clk 01:31:43]} {[%emt
00:00:10]} 6. Nf3 {[%clk 01:33:08]} {[%emt 00:00:06]} e6 {[%clk 01:32:04]}
{[%emt 00:00:10]} 7. Bc4 {[%clk 01:33:10]} {[%emt 00:00:27]} Nb6 {[%clk
01:32:28]} {[%emt 00:00:06]} 8. Bb3 {[%clk 01:33:36]} {[%emt 00:00:04]} d6
{[%clk 01:29:26]} {[%emt 00:03:32]} 9. O-O {[%clk 01:32:47]} {[%emt 00:01:19]}
Be7 {[%clk 01:28:33]} {[%emt 00:01:23]} 10. Nc3 {[%clk 01:33:04]} {[%emt
00:00:13]} O-O {[%clk 01:28:47]} {[%emt 00:00:17]} 11. a3 {[%clk 01:32:09]}
{[%emt 00:01:26]} a6 {[%clk 01:28:54]} {[%emt 00:00:23]} 12. Bc2 {[%clk
01:32:17]} {[%emt 00:00:22]} f5 {[%clk 01:27:39]} {[%emt 00:01:44]} 13. exf6
{[%clk 01:25:46]} {[%emt 00:07:01]} Bxf6 {[%clk 01:26:54]} {[%emt 00:01:15]}
14. Qd3 {[%clk 01:24:45]} {[%emt 00:01:31]} g6 {[%clk 01:27:10]} {[%emt
00:00:14]} 15. Ne4 {[%clk 01:24:28]} {[%emt 00:00:47]} Bg7 {[%clk 01:27:23]}
{[%emt 00:00:17]} 16. Bg5 {[%clk 01:24:29]} {[%emt 00:00:29]} Qc7 {[%clk
01:27:31]} {[%emt 00:00:23]} 17. Rac1 {[%clk 01:17:26]} {[%emt 00:07:33]} Bd7
{[%clk 01:24:50]} {[%emt 00:03:10]} 18. Bb3 {[%clk 01:16:04]} {[%emt 00:01:54]}
d5 {[%clk 01:14:58]} {[%emt 00:10:22]} 19. Nc5 {[%clk 01:14:39]} {[%emt
00:01:55]} Rae8 {[%clk 01:06:30]} {[%emt 00:08:57]} 20. Rfe1 {[%clk 01:13:53]}
{[%emt 00:01:16]} Qb8 {[%clk 01:03:53]} {[%emt 00:03:07]} 21. Nxd7 {[%clk
01:10:31]} {[%emt 00:03:52]} Nxd7 {[%clk 01:03:33]} {[%emt 00:00:49]} 22. Ba4
{[%clk 01:10:04]} {[%emt 00:00:58]} Rxf3 {[%clk 01:00:34]} {[%emt 00:03:30]}
23. gxf3 {[%clk 01:10:03]} {[%emt 00:00:31]} Qa8 {[%clk 00:43:58]} {[%emt
00:17:06]} 24. Bxc6 {[%clk 01:10:00]} {[%emt 00:00:32]} bxc6 {[%clk 00:44:19]}
{[%emt 00:00:09]} 25. f4 {[%clk 01:08:37]} {[%emt 00:01:52]} Qb7 {[%clk
00:42:45]} {[%emt 00:02:04]} 26. Rc2 {[%clk 01:08:30]} {[%emt 00:00:37]} Qb6
{[%clk 00:41:30]} {[%emt 00:01:45]} 27. Rd1 {[%clk 01:08:04]} {[%emt 00:00:56]}
Rf8 {[%clk 00:36:56]} {[%emt 00:05:05]} 28. Qe3 {[%clk 01:06:23]} {[%emt
00:02:11]} Re8 {[%clk 00:36:11]} {[%emt 00:01:14]} 29. Bh4 {[%clk 01:04:18]}
{[%emt 00:02:35]} Kf7 {[%clk 00:34:55]} {[%emt 00:01:46]} 30. Qc3 {[%clk
01:00:26]} {[%emt 00:04:22]} Rc8 {[%clk 00:33:43]} {[%emt 00:01:42]} 31. Qb4
{[%clk 00:58:57]} {[%emt 00:01:59]} Qxb4 {[%clk 00:33:42]} {[%emt 00:00:31]}
32. axb4 {[%clk 00:59:23]} {[%emt 00:00:04]} Bf6 {[%clk 00:33:38]} {[%emt
00:00:34]} 33. Bxf6 {[%clk 00:59:48]} {[%emt 00:00:04]} Kxf6 {[%clk 00:34:02]}
{[%emt 00:00:07]} 34. Kg2 {[%clk 00:59:45]} {[%emt 00:00:33]} h6 {[%clk
00:33:32]} {[%emt 00:01:00]} 35. Rdc1 {[%clk 00:59:12]} {[%emt 00:01:03]} Nb8
{[%clk 00:33:51]} {[%emt 00:00:11]} 36. Rc5 {[%clk 00:58:14]} {[%emt 00:01:28]}
Re8 {[%clk 00:32:37]} {[%emt 00:01:44]} 37. b5 {[%clk 00:56:04]} {[%emt
00:02:42]} axb5 {[%clk 00:32:16]} {[%emt 00:00:51]} 38. Ra1 {[%clk 00:56:30]}
{[%emt 00:00:03]} Rc8 {[%clk 00:31:58]} {[%emt 00:00:49]} 39. Ra8 {[%clk
00:56:51]} {[%emt 00:00:09]} Ke7 {[%clk 00:30:50]} {[%emt 00:01:38]} 40. b4
{[%clk 00:56:37]} {[%emt 00:00:44]} Kd7 {[%clk 00:30:13]} {[%emt 00:01:07]} 41.
Rc1 {[%clk 00:56:17]} {[%emt 00:00:49]} Kd8 {[%clk 00:30:14]} {[%emt 00:00:30]}
42. Rca1 {[%clk 00:56:26]} {[%emt 00:00:21]} Nd7 {[%clk 00:29:30]} {[%emt
00:01:15]} 43. Kf3 {[%clk 00:54:28]} {[%emt 00:02:27]} Nb6 {[%clk 00:26:35]}
{[%emt 00:03:24]} 44. R8a7 {[%clk 00:54:27]} {[%emt 00:00:34]} Nd7 {[%clk
00:25:55]} {[%emt 00:01:10]} 45. Rg1 {[%clk 00:54:50]} {[%emt 00:00:07]} Nf8
{[%clk 00:26:02]} {[%emt 00:00:22]} 46. Kg4 {[%clk 00:53:14]} {[%emt 00:02:07]}
Rc7 {[%clk 00:25:22]} {[%emt 00:01:10]} 47. Rxc7 {[%clk 00:52:42]} {[%emt
00:01:02]} Kxc7 {[%clk 00:25:48]} {[%emt 00:00:04]} 48. h4 {[%clk 00:53:09]}
{[%emt 00:00:03]} Nd7 {[%clk 00:25:19]} {[%emt 00:00:59]} 49. Kf3 {[%clk
00:53:30]} {[%emt 00:00:08]} Nf8 {[%clk 00:25:43]} {[%emt 00:00:06]} 50. h5
{[%clk 00:53:44]} {[%emt 00:00:17]} gxh5 {[%clk 00:25:58]} {[%emt 00:00:14]}
51. Rh1 {[%clk 00:54:12]} {[%emt 00:00:04]} Kd7 {[%clk 00:26:06]} {[%emt
00:00:22]} 52. Rxh5 {[%clk 00:54:37]} {[%emt 00:00:04]} Ke7 {[%clk 00:25:58]}
{[%emt 00:00:37]} 53. Rxh6 {[%clk 00:55:03]} {[%emt 00:00:04]} Nd7 {[%clk
00:25:13]} {[%emt 00:01:16]} 54. f5 {[%clk 00:55:13]} {[%emt 00:00:20]} Nf8
{[%clk 00:25:05]} {[%emt 00:00:37]} 55. Kf4 {[%clk 00:55:26]} {[%emt 00:00:17]}
Kf7 {[%clk 00:24:53]} {[%emt 00:00:42]} 56. fxe6+ {[%clk 00:55:34]} {[%emt
00:00:23]} Nxe6+ {[%clk 00:25:15]} {[%emt 00:00:08]} 57. Ke5 {[%clk 00:55:59]}
{[%emt 00:00:04]} Nd8 {[%clk 00:25:30]} {[%emt 00:00:15]} 58. Kd6 {[%clk
00:56:23]} {[%emt 00:00:05]} Kg7 {[%clk 00:25:43]} {[%emt 00:00:17]} 59. Rh1
{[%clk 00:56:46]} {[%emt 00:00:07]} Nf7+ {[%clk 00:25:29]} {[%emt 00:00:45]}
60. Kxc6 {[%emt 00:00:07]} Ng5 {[%clk 00:25:51]} {[%emt 00:00:06]} 61. Rg1
{[%clk 00:57:33]} {[%emt 00:00:08]} 1-0

[Event "DEM U10 2025"]
[Site "Willingen GER"]
[Date "2025.06.13"]
[Round "8"]
[White "Gwardak, Jakob"]
[Black "Mitin, Maximilian"]
[Result "0-1"]
[Termination "normal"]
[Board "6"]
[WhiteElo "1736"]
[BlackElo "1714"]
[WhiteClock "00:55:21"]
[BlackClock "01:23:52"]
[PlyCount "72"]
[WhiteFideId "34670556"]
[BlackFideId "533034281"]
[EventCountry "GER"]
[EventRounds "9"]
[EventType "swiss"]
[EventDate "2025.06.07"]

1. e4 {[%clk 01:30:57]} {[%emt 00:00:02]} e5 {[%clk 01:30:30]} {[%emt
00:00:31]} 2. Nf3 {[%clk 01:31:20]} {[%emt 00:00:07]} Nf6 {[%clk 01:30:07]}
{[%emt 00:00:54]} 3. Nxe5 {[%clk 01:31:13]} {[%emt 00:00:36]} d6 {[%clk
01:26:13]} {[%emt 00:04:25]} 4. Nf3 {[%clk 01:31:31]} {[%emt 00:00:12]} Nxe4
{[%clk 01:26:22]} {[%emt 00:00:21]} 5. Nc3 {[%clk 01:31:15]} {[%emt 00:00:44]}
Nxc3 {[%clk 01:26:00]} {[%emt 00:00:54]} 6. dxc3 {[%clk 01:31:36]} {[%emt
00:00:09]} Be7 {[%clk 01:26:12]} {[%emt 00:00:18]} 7. Be3 {[%clk 01:31:41]}
{[%emt 00:00:23]} O-O {[%clk 01:25:42]} {[%emt 00:01:01]} 8. Qd2 {[%clk
01:30:05]} {[%emt 00:02:04]} Re8 {[%clk 01:25:03]} {[%emt 00:01:11]} 9. O-O-O
{[%clk 01:29:16]} {[%emt 00:01:18]} Nc6 {[%clk 01:24:09]} {[%emt 00:01:25]} 10.
h4 {[%clk 01:27:15]} {[%emt 00:02:30]} Bg4 {[%clk 01:23:40]} {[%emt 00:01:00]}
11. Be2 {[%clk 01:25:07]} {[%emt 00:02:37]} Bxf3 {[%clk 01:23:57]} {[%emt
00:00:14]} 12. gxf3 {[%clk 01:23:59]} {[%emt 00:01:37]} Bxh4 {[%clk 01:24:16]}
{[%emt 00:00:12]} 13. Rdg1 {[%clk 01:19:05]} {[%emt 00:05:23]} Qe7 {[%clk
01:23:08]} {[%emt 00:01:40]} 14. f4 {[%clk 01:10:18]} {[%emt 00:09:16]} Bxf2
{[%clk 01:22:07]} {[%emt 00:01:32]} 15. Bxf2 {[%clk 01:01:40]} {[%emt
00:09:08]} Qxe2 {[%clk 01:22:28]} {[%emt 00:00:09]} 16. Qxe2 {[%clk 01:01:59]}
{[%emt 00:00:11]} Rxe2 {[%clk 01:22:54]} {[%emt 00:00:05]} 17. Bh4 {[%clk
01:02:19]} {[%emt 00:00:10]} Kf8 {[%clk 01:22:46]} {[%emt 00:00:38]} 18. Rg4
{[%clk 01:01:32]} {[%emt 00:01:16]} Rae8 {[%clk 01:22:37]} {[%emt 00:00:39]}
19. Rhg1 {[%clk 01:01:10]} {[%emt 00:00:50]} g6 {[%clk 01:22:56]} {[%emt
00:00:13]} 20. Rh1 {[%clk 00:53:57]} {[%emt 00:07:43]} R2e4 {[%clk 01:22:48]}
{[%emt 00:00:38]} 21. Rf1 {[%clk 00:53:45]} {[%emt 00:00:42]} Ne5 {[%clk
01:22:27]} {[%emt 00:00:51]} 22. Rgg1 {[%clk 00:53:34]} {[%emt 00:00:37]} Nc4
{[%clk 01:22:32]} {[%emt 00:00:29]} 23. Bg5 {[%clk 00:52:05]} {[%emt 00:01:56]}
Ne3 {[%clk 01:21:34]} {[%emt 00:01:30]} 24. Re1 {[%clk 00:52:05]} {[%emt
00:00:29]} Nf5 {[%clk 01:21:43]} {[%emt 00:00:23]} 25. Ref1 {[%clk 00:52:24]}
{[%emt 00:00:09]} Re2 {[%clk 01:21:32]} {[%emt 00:00:42]} 26. Kb1 {[%clk
00:52:33]} {[%emt 00:00:21]} h6 {[%clk 01:21:22]} {[%emt 00:00:40]} 27. Bf6
{[%clk 00:52:55]} {[%emt 00:00:06]} R8e6 {[%clk 01:21:43]} {[%emt 00:00:11]}
28. Bd4 {[%clk 00:53:08]} {[%emt 00:00:17]} Nxd4 {[%clk 01:22:06]} {[%emt
00:00:08]} 29. cxd4 {[%clk 00:53:31]} {[%emt 00:00:05]} R2e4 {[%clk 01:21:55]}
{[%emt 00:00:42]} 30. c3 {[%clk 00:53:55]} {[%emt 00:00:06]} Rf6 {[%clk
01:22:05]} {[%emt 00:00:20]} 31. Rg4 {[%clk 00:54:07]} {[%emt 00:00:14]} g5
{[%clk 01:22:24]} {[%emt 00:00:14]} 32. Rgg1 {[%clk 00:54:06]} {[%emt
00:00:30]} Rfxf4 {[%clk 01:22:41]} {[%emt 00:00:15]} 33. Rd1 {[%clk 00:54:22]}
{[%emt 00:00:12]} Rf2 {[%clk 01:22:56]} {[%emt 00:00:15]} 34. Ka1 {[%clk
00:54:46]} {[%emt 00:00:07]} Ree2 {[%clk 01:23:18]} {[%emt 00:00:09]} 35. Rb1
{[%clk 00:55:11]} {[%emt 00:00:05]} f5 {[%clk 01:23:31]} {[%emt 00:00:17]} 36.
Rh1 {[%clk 00:55:21]} {[%emt 00:00:20]} Kg7 {[%clk 01:23:52]} {[%emt 00:00:08]}
0-1

[Event "DEM U10 2025"]
[Site "Willingen GER"]
[Date "2025.06.13"]
[Round "8"]
[White "Sriram, Aumkar"]
[Black "Liu, Jonas"]
[Result "0-1"]
[Termination "normal"]
[Board "7"]
[WhiteElo "1517"]
[BlackElo "1645"]
[WhiteClock "00:59:19"]
[BlackClock "00:15:54"]
[PlyCount "130"]
[WhiteFideId "33460477"]
[BlackFideId "34660941"]
[EventCountry "GER"]
[EventRounds "9"]
[EventType "swiss"]
[EventDate "2025.06.07"]

1. e4 {[%clk 01:30:56]} {[%emt 00:00:03]} c5 {[%clk 01:30:35]} {[%emt
00:00:25]} 2. Nf3 {[%clk 01:31:10]} {[%emt 00:00:16]} Nc6 {[%clk 01:30:33]}
{[%emt 00:00:33]} 3. Bb5 {[%clk 01:31:19]} {[%emt 00:00:20]} g6 {[%clk
01:30:27]} {[%emt 00:00:36]} 4. Bxc6 {[%clk 01:31:33]} {[%emt 00:00:16]} bxc6
{[%clk 01:30:49]} {[%emt 00:00:08]} 5. O-O {[%clk 01:31:28]} {[%emt 00:00:35]}
Bg7 {[%clk 01:30:48]} {[%emt 00:00:30]} 6. d3 {[%clk 01:31:39]} {[%emt
00:00:20]} Qc7 {[%clk 01:30:00]} {[%emt 00:01:18]} 7. h3 {[%clk 01:31:50]}
{[%emt 00:00:19]} d6 {[%clk 01:29:33]} {[%emt 00:00:58]} 8. Nc3 {[%clk
01:31:58]} {[%emt 00:00:20]} Nf6 {[%clk 01:29:34]} {[%emt 00:00:30]} 9. Be3
{[%clk 01:31:59]} {[%emt 00:00:29]} O-O {[%clk 01:26:09]} {[%emt 00:03:54]} 10.
Qd2 {[%clk 01:32:22]} {[%emt 00:00:08]} Rd8 {[%clk 01:23:54]} {[%emt 00:02:45]}
11. Bh6 {[%clk 01:30:58]} {[%emt 00:01:54]} Bh8 {[%clk 01:22:46]} {[%emt
00:01:37]} 12. Rfe1 {[%clk 01:30:23]} {[%emt 00:01:06]} d5 {[%clk 01:18:52]}
{[%emt 00:04:25]} 13. e5 {[%clk 01:29:47]} {[%emt 00:01:06]} Nd7 {[%clk
01:19:13]} {[%emt 00:00:08]} 14. e6 {[%clk 01:28:47]} {[%emt 00:01:30]} fxe6
{[%clk 01:16:00]} {[%emt 00:03:43]} 15. Ng5 {[%clk 01:26:00]} {[%emt 00:03:16]}
Nf8 {[%clk 01:12:57]} {[%emt 00:03:33]} 16. Bxf8 {[%clk 01:23:40]} {[%emt
00:02:51]} Rxf8 {[%clk 01:13:06]} {[%emt 00:00:22]} 17. Nxe6 {[%clk 01:19:55]}
{[%emt 00:04:14]} Bxe6 {[%clk 01:13:25]} {[%emt 00:00:11]} 18. Rxe6 {[%clk
01:20:16]} {[%emt 00:00:10]} Bd4 {[%clk 01:09:14]} {[%emt 00:04:40]} 19. Re2
{[%clk 01:19:41]} {[%emt 00:01:05]} Rab8 {[%clk 00:59:17]} {[%emt 00:10:27]}
20. Rae1 {[%clk 01:18:14]} {[%emt 00:01:57]} Rxb2 {[%clk 00:41:51]} {[%emt
00:17:56]} 21. Kh1 {[%clk 01:16:18]} {[%emt 00:02:25]} Qa5 {[%clk 00:26:22]}
{[%emt 00:16:00]} 22. Nd1 {[%clk 01:07:47]} {[%emt 00:09:01]} Qxd2 {[%clk
00:26:12]} {[%emt 00:00:40]} 23. Rxd2 {[%clk 01:08:14]} {[%emt 00:00:04]} Rb7
{[%clk 00:22:07]} {[%emt 00:04:36]} 24. Rde2 {[%clk 01:08:00]} {[%emt
00:00:44]} Bf6 {[%clk 00:22:25]} {[%emt 00:00:12]} 25. Ne3 {[%clk 01:04:46]}
{[%emt 00:03:43]} h5 {[%clk 00:20:55]} {[%emt 00:02:00]} 26. c4 {[%clk
01:02:57]} {[%emt 00:02:20]} Rd8 {[%clk 00:19:56]} {[%emt 00:01:29]} 27. Nf1
{[%clk 01:02:18]} {[%emt 00:01:09]} Rb4 {[%clk 00:19:22]} {[%emt 00:01:05]} 28.
cxd5 {[%clk 01:01:57]} {[%emt 00:00:50]} cxd5 {[%clk 00:19:37]} {[%emt
00:00:15]} 29. Ng3 {[%clk 01:01:39]} {[%emt 00:00:47]} Rdb8 {[%clk 00:18:56]}
{[%emt 00:01:13]} 30. Kh2 {[%clk 01:01:24]} {[%emt 00:00:45]} Rb2 {[%clk
00:19:08]} {[%emt 00:00:17]} 31. f4 {[%clk 01:00:07]} {[%emt 00:01:47]} Bh4
{[%clk 00:18:31]} {[%emt 00:01:07]} 32. Rxb2 {[%clk 00:59:36]} {[%emt
00:01:02]} Rxb2 {[%clk 00:18:49]} {[%emt 00:00:11]} 33. Rc1 {[%clk 00:59:39]}
{[%emt 00:00:27]} Rb5 {[%clk 00:15:57]} {[%emt 00:03:22]} 34. f5 {[%clk
00:58:44]} {[%emt 00:01:26]} Kg7 {[%clk 00:14:34]} {[%emt 00:01:53]} 35. fxg6
{[%clk 00:58:17]} {[%emt 00:00:56]} Kxg6 {[%clk 00:14:57]} {[%emt 00:00:07]}
36. Ne2 {[%clk 00:58:29]} {[%emt 00:00:17]} Bg5 {[%clk 00:14:58]} {[%emt
00:00:30]} 37. Rc2 {[%clk 00:58:46]} {[%emt 00:00:14]} e6 {[%clk 00:14:59]}
{[%emt 00:00:29]} 38. g3 {[%clk 00:58:54]} {[%emt 00:00:21]} h4 {[%clk
00:13:36]} {[%emt 00:01:54]} 39. Nf4+ {[%clk 00:57:21]} {[%emt 00:02:03]} Bxf4
{[%clk 00:11:46]} {[%emt 00:02:20]} 40. gxf4 {[%clk 00:57:40]} {[%emt
00:00:11]} Kf5 {[%clk 00:12:09]} {[%emt 00:00:06]} 41. Re2 {[%clk 00:57:00]}
{[%emt 00:01:11]} Ra5 {[%clk 00:11:34]} {[%emt 00:01:05]} 42. Kg1 {[%clk
00:56:36]} {[%emt 00:00:54]} Ra3 {[%clk 00:11:51]} {[%emt 00:00:13]} 43. Re5+
{[%clk 00:56:07]} {[%emt 00:00:59]} Kxf4 {[%clk 00:10:50]} {[%emt 00:01:32]}
44. Rxe6 {[%clk 00:56:06]} {[%emt 00:00:30]} Rxd3 {[%clk 00:11:09]} {[%emt
00:00:11]} 45. Re1 {[%clk 00:56:10]} {[%emt 00:00:27]} Kg3 {[%clk 00:10:55]}
{[%emt 00:00:43]} 46. Rc1 {[%clk 00:56:23]} {[%emt 00:00:17]} c4 {[%clk
00:11:00]} {[%emt 00:00:25]} 47. Re1 {[%clk 00:56:39]} {[%emt 00:00:14]} c3
{[%clk 00:11:24]} {[%emt 00:00:06]} 48. Kf1 {[%clk 00:56:24]} {[%emt 00:00:45]}
Kf3 {[%clk 00:11:22]} {[%emt 00:00:31]} 49. Rc1 {[%clk 00:56:15]} {[%emt
00:00:39]} c2 {[%clk 00:11:46]} {[%emt 00:00:07]} 50. Ke1 {[%clk 00:56:20]}
{[%emt 00:00:24]} Rd1+ {[%clk 00:11:52]} {[%emt 00:00:24]} 51. Rxd1 {[%clk
00:56:44]} {[%emt 00:00:07]} cxd1=Q+ {[%clk 00:12:11]} {[%emt 00:00:11]} 52.
Kxd1 {[%clk 00:57:09]} {[%emt 00:00:05]} Kg3 {[%clk 00:12:31]} {[%emt
00:00:10]} 53. a4 {[%clk 00:57:30]} {[%emt 00:00:09]} Kxh3 {[%clk 00:12:55]}
{[%emt 00:00:06]} 54. Ke2 {[%clk 00:57:52]} {[%emt 00:00:09]} Kg2 {[%clk
00:13:19]} {[%emt 00:00:05]} 55. a5 {[%clk 00:58:18]} {[%emt 00:00:04]} h3
{[%clk 00:13:43]} {[%emt 00:00:05]} 56. a6 {[%clk 00:58:42]} {[%emt 00:00:08]}
h2 {[%clk 00:14:06]} {[%emt 00:00:06]} 57. Ke3 {[%clk 00:57:45]} {[%emt
00:01:27]} h1=Q {[%clk 00:13:38]} {[%emt 00:00:54]} 58. Kd4 {[%clk 00:58:06]}
{[%emt 00:00:14]} Qd1+ {[%clk 00:13:52]} {[%emt 00:00:16]} 59. Ke3 {[%clk
00:58:09]} {[%emt 00:00:28]} d4+ {[%clk 00:14:13]} {[%emt 00:00:08]} 60. Ke4
{[%clk 00:58:12]} {[%emt 00:00:26]} d3 {[%clk 00:14:39]} {[%emt 00:00:05]} 61.
Kf4 {[%clk 00:58:28]} {[%emt 00:00:15]} Qc1+ {[%clk 00:14:53]} {[%emt
00:00:16]} 62. Kf5 {[%clk 00:58:34]} {[%emt 00:00:24]} d2 {[%clk 00:15:13]}
{[%emt 00:00:09]} 63. Ke5 {[%clk 00:59:00]} {[%emt 00:00:03]} d1=Q {[%clk
00:15:32]} {[%emt 00:00:12]} 64. Ke4 {[%clk 00:59:27]} {[%emt 00:00:03]} Qc4+
{[%clk 00:15:54]} {[%emt 00:00:08]} 65. Ke3 {[%clk 00:59:19]} {[%emt 00:00:38]}
Qdd3# {[%emt 00:00:07]} 0-1

[Event "DEM U10 2025"]
[Site "Willingen GER"]
[Date "2025.06.13"]
[Round "8"]
[White "Sander, Tino"]
[Black "Lüttgen, Jona"]
[Result "1-0"]
[Termination "normal"]
[Board "8"]
[WhiteElo "1800"]
[BlackElo "1621"]
[WhiteClock "00:52:30"]
[BlackClock "00:37:00"]
[PlyCount "79"]
[WhiteFideId "34636110"]
[BlackFideId "533014124"]
[EventCountry "GER"]
[EventRounds "9"]
[EventType "swiss"]
[EventDate "2025.06.07"]

1. e4 {[%clk 01:30:54]} {[%emt 00:00:06]} e5 {[%clk 01:30:55]} {[%emt
00:00:06]} 2. Nf3 {[%clk 01:31:16]} {[%emt 00:00:07]} Nc6 {[%clk 01:31:22]}
{[%emt 00:00:04]} 3. Bc4 {[%clk 01:30:52]} {[%emt 00:00:53]} Nf6 {[%clk
01:31:47]} {[%emt 00:00:06]} 4. d3 {[%clk 01:30:40]} {[%emt 00:00:42]} Be7
{[%clk 01:30:54]} {[%emt 00:01:22]} 5. c3 {[%clk 01:30:52]} {[%emt 00:00:18]}
O-O {[%clk 01:30:33]} {[%emt 00:00:52]} 6. O-O {[%clk 01:30:58]} {[%emt
00:00:23]} d6 {[%clk 01:29:48]} {[%emt 00:01:16]} 7. Bb3 {[%clk 01:31:12]}
{[%emt 00:00:15]} Bg4 {[%clk 01:29:19]} {[%emt 00:00:59]} 8. h3 {[%clk
01:31:30]} {[%emt 00:00:12]} Bh5 {[%clk 01:29:39]} {[%emt 00:00:10]} 9. Nbd2
{[%clk 01:31:31]} {[%emt 00:00:29]} d5 {[%clk 01:28:05]} {[%emt 00:02:04]} 10.
exd5 {[%clk 01:29:18]} {[%emt 00:02:44]} Nxd5 {[%clk 01:28:28]} {[%emt
00:00:07]} 11. Ne4 {[%clk 01:29:08]} {[%emt 00:00:40]} Na5 {[%clk 01:20:44]}
{[%emt 00:08:13]} 12. Bc2 {[%clk 01:25:37]} {[%emt 00:04:02]} Nc6 {[%clk
01:14:23]} {[%emt 00:06:52]} 13. Re1 {[%clk 01:24:21]} {[%emt 00:01:45]} f5
{[%clk 01:08:49]} {[%emt 00:06:05]} 14. Ng3 {[%clk 01:23:23]} {[%emt 00:01:27]}
Bg6 {[%clk 01:06:33]} {[%emt 00:02:46]} 15. Nxe5 {[%clk 01:20:26]} {[%emt
00:03:27]} Nxe5 {[%clk 01:05:11]} {[%emt 00:01:52]} 16. Rxe5 {[%clk 01:19:40]}
{[%emt 00:01:17]} f4 {[%clk 01:04:25]} {[%emt 00:01:15]} 17. Rxd5 {[%clk
01:18:18]} {[%emt 00:01:53]} Qc8 {[%clk 01:01:34]} {[%emt 00:03:19]} 18. Nf1
{[%clk 01:07:00]} {[%emt 00:11:49]} f3 {[%clk 01:00:46]} {[%emt 00:01:19]} 19.
Ng3 {[%clk 01:02:40]} {[%emt 00:04:50]} c6 {[%clk 00:59:28]} {[%emt 00:01:49]}
20. Re5 {[%clk 01:01:12]} {[%emt 00:01:58]} Bd6 {[%clk 00:58:43]} {[%emt
00:01:14]} 21. Re3 {[%clk 00:59:55]} {[%emt 00:01:47]} Bxg3 {[%clk 00:58:29]}
{[%emt 00:00:44]} 22. fxg3 {[%clk 01:00:23]} {[%emt 00:00:03]} f2+ {[%clk
00:58:15]} {[%emt 00:00:44]} 23. Kf1 {[%clk 01:00:48]} {[%emt 00:00:06]} Bf5
{[%clk 00:57:15]} {[%emt 00:01:29]} 24. g4 {[%clk 01:00:06]} {[%emt 00:01:12]}
Qc7 {[%clk 00:54:49]} {[%emt 00:02:55]} 25. gxf5 {[%clk 00:56:25]} {[%emt
00:04:14]} Qh2 {[%clk 00:54:43]} {[%emt 00:00:35]} 26. Rf3 {[%clk 00:55:54]}
{[%emt 00:01:00]} Qg1+ {[%clk 00:54:48]} {[%emt 00:00:25]} 27. Ke2 {[%clk
00:56:14]} {[%emt 00:00:11]} Rfe8+ {[%clk 00:50:08]} {[%emt 00:05:10]} 28. Be3
{[%clk 00:55:49]} Qxg2 {[%clk 00:43:30]} {[%emt 00:08:03]} 29. Qf1 {[%clk
00:54:52]} Qg5 {[%clk 00:42:40]} {[%emt 00:02:46]} 30. Kd2 {[%clk 00:54:36]}
Qh5 {[%clk 00:42:07]} {[%emt 00:01:50]} 31. Qxf2 {[%clk 00:54:33]} Re5 {[%clk
00:41:49]} {[%emt 00:01:21]} 32. Rg1 {[%clk 00:54:27]} Rd8 {[%clk 00:40:04]}
{[%emt 00:02:51]} 33. Bd4 {[%clk 00:53:50]} Re7 {[%emt 00:03:18]} 34. f6 {[%clk
00:53:59]} Rf7 {[%clk 00:38:17]} {[%emt 00:00:57]} 35. Rxg7+ {[%clk 00:53:21]}
{[%emt 00:01:08]} Kh8 {[%clk 00:38:27]} {[%emt 00:00:20]} 36. Rxf7 {[%clk
00:53:23]} {[%emt 00:00:27]} Qxf7 {[%clk 00:38:51]} {[%emt 00:00:08]} 37. Bb3
{[%clk 00:53:47]} {[%emt 00:00:05]} Rd5 {[%clk 00:38:38]} {[%emt 00:00:43]} 38.
Qe3 {[%clk 00:53:10]} {[%emt 00:01:07]} Rxd4 {[%clk 00:37:13]} {[%emt
00:01:56]} 39. Qxd4 {[%clk 00:52:49]} {[%emt 00:00:51]} c5 {[%clk 00:37:00]}
{[%emt 00:00:45]} 40. Qd8+ {[%clk 00:52:30]} {[%emt 00:00:48]} 1-0